Hildegarda de Bingen: una conciencia inspirada del siglo XII

Saved in:
Bibliografiske detaljer
Hovedforfatter: Pernoud, Régine (Author)
Format: Bog
Sprog:spansk
Udgivet: Barcelona Paidós 1998
Serier:Colección Testimonios
Fag:
Tags: Tilføj Tag
Ingen Tags, Vær først til at tagge denne postø!

MARC

LEADER 00000nam a2200000 a 4500
001 UCP5848
003 CL-VaPUC
008 991001e19980000SP |||||||||||||||||spa|d
082 0 4 |a 940.1  |b PER  |2 21 
100 0 |a Pernoud, Régine  |e author  |9 434449 
245 1 0 |a Hildegarda de Bingen: una conciencia inspirada del siglo XII 
300 |a 164 p 
942 |c BK 
945 |d 19991001 00:00:00  |a rbrito 
260 |a Barcelona  |b Paidós  |c 1998 
650 0 |a Edad media  |9 258041 
650 0 |a Historia  |9 255047 
650 0 |a Vida y costumbres  |9 611784 
650 0 |a Monarquía   |9 255259 
583 |a last modification  |c 19991001 00:00:00  |k Rodrigo Vera 
490 0 |a Colección Testimonios 
999 |c 283495  |d 283493 
952 |0 0  |1 0  |4 0  |6 940_100000000000000_PER_1998  |7 0  |8 A  |9 326707  |a BIBHIS  |b BIBHIS  |d 2019-11-20  |i 3535592  |l 1  |o 940.1 PER 1998  |p 3535592  |r 2025-01-20  |s 2024-07-02  |w 2019-11-20  |y BK  |k HIS